BILLY-BOB TALES (Record no. 144)
[ view plain ]
| 000 -LEADER | |
|---|---|
| fixed length control field | 00614nam a22001457a 4500 |
| 020 ## - INTERNATIONAL STANDARD BOOK NUMBER | |
| ISBN | 1-8651-5860-7 |
| 082 ## - DEWEY DECIMAL CLASSIFICATION NUMBER | |
| Classification number | 823 |
| Item number | BLY/B |
| 100 ## - MAIN ENTRY--AUTHOR NAME | |
| Personal name | ENID BLYTON |
| 245 ## - TITLE STATEMENT | |
| Title | BILLY-BOB TALES |
| 260 ## - PUBLICATION, DISTRIBUTION, ETC. (IMPRINT) | |
| Place of publication | GREAT BRITIAN |
| Name of publisher | HINKLER BOOKS PTY LTD |
| Year of publication | 2003 |
| 300 ## - PHYSICAL DESCRIPTION | |
| Number of Pages | 168 |
| 520 ## - SUMMARY, ETC. | |
| Summary, etc | SIXTEEN EXCITING TALES ABOUT A DELIGHTFUL LITTLEBOY CALLED BILLY - BOB, HIS SMALL SISTER, BELINDA, AND HIS DOG, WAGS. AS WELL AS FLYING KITES, GOING TO PARTIES, AND HAVING PICNINCS, THEY ALSO HAVE SOME MORE SURPRISING ADVENTURES, LIKE RESCUING STRAYING SHEEP AND A LOSY KITTEN. |
| 650 ## - SUBJECT ADDED ENTRY--TOPICAL TERM | |
| Topical Term | CHILDREN'S STORY BOOK |
| Geographic subdivision | UNITED KINGDOM |
| 942 ## - ADDED ENTRY ELEMENTS (KOHA) | |
| Koha item type | Books |
| Withdrawn status | Lost status | Collection code | Home library | Current library | Shelving location | Date acquired | Full call number | Accession Number | Koha item type |
|---|---|---|---|---|---|---|---|---|---|
| Fiction | Main Library | Main Library | SHELF-12C-ENID BLYTON | 29/07/2009 | 823 BLY/B | 00100 | Books | ||
| Fiction | Main Library | Main Library | SHELF-12D-ENID BLYTON FAMOUS FIVE | 08/02/2002 | 823 BLY/B | 00036 | Books |